00247 a2200097 4500020001800000022001800018050001200036082001200048245005300060260003600113 a9781848955448 a9781848955448 aEKF GAL aEKF GAL aSmiley SharkbGreat Big Hiccups!cRuth Galloway aLondombLttle Tiger Pressc2013